Une ville, un pays à cliquer sur la carte - Statistiques

Statistiques générales
  • Ce quiz a été pris 239 fois
    171 depuis la dernière actualisation
  • Le résultat moyen est 30 sur 146
Réponses sur la Carte
Les réponses sont colorées sur une échelle allant du rouge au vert en fonction du pourcentage des utilisateurs qui les ont devinées à leur premier essai. Vous pouvez retrouver ces pourcentages ci-dessous.
 
Statistiques - réponses
Réponse % Correct
Tripoli
34%
Tunis
34%
Alexandrie
33%
Sofia
33%
Stuttgart
33%
Turin
33%
Antananarivo
31%
Odessa
31%
Abou Dabi
30%
Pyongyang
30%
Saint-Domingue
30%
Addis-Abeba
29%
Brisbane
29%
Katmandou
29%
Kuala Lumpur
29%
Le Cap
29%
Oulan-Bator
29%
Panama
29%
Bangkok
28%
Chihuahua
28%
Ouagadougou
28%
Porto
28%
Rocamadour
28%
Xi'an
28%
Auckland
26%
Bangalore
26%
Budapest
26%
Caracas
26%
La Havane
26%
Split
26%
Tanger
26%
Bakou
25%
Bratislava
25%
Hô Chi Minh-Ville
25%
Malmö
25%
Mascate
25%
Dakar
24%
Kaboul
24%
La Paz
24%
Lucerne
24%
Médine
24%
Oran
24%
Reading
24%
Sacramento
24%
Tallinn
24%
Tbilissi
24%
Windhoek
24%
Abidjan
23%
Erevan
23%
Gaborone
23%
Hafnarfjörður
23%
Innsbruck
23%
Lagos
23%
La Haye
23%
Montevideo
23%
Phnom Penh
23%
Port-au-Prince
23%
Taipei
23%
Tombouctou
23%
Vientiane
23%
Wrocław
23%
Amman
21%
Asuncion
21%
Bangui
21%
Belgrade
21%
Busan
21%
Cuzco
21%
Khartoum
21%
Mogadiscio
21%
Niamey
21%
Novossibirsk
21%
Nuuk
21%
Rosario
21%
Sapporo
21%
Almaty
20%
Bissau
20%
Colombo
20%
Guatemala City
20%
Lilongwe
20%
Louvain
20%
Riga
20%
Sanaa
20%
San José
20%
Skopje
20%
Tegucigalpa
20%
Valladolid
20%
Accra
19%
Babylone (ancienne ville)
19%
Cluj-Napoca
19%
Djouba
19%
Fortaleza
19%
Lahore
19%
Luanda
19%
N'Djaména
19%
Porto-Novo
19%
Rangoun
19%
Tampere
19%
Tromsø
19%
Chișinău
18%
Corinthe
18%
Ispahan
18%
Izmir
18%
Lusaka
18%
Maputo
18%
Monrovia
18%
Asmara
16%
Guayaquil
16%
Kampala
16%
Limerick
16%
Lomé
16%
Valparaíso
16%
Bandung
15%
Bichkek
15%
Brno
15%
Dodoma
15%
Douala
15%
Freetown
15%
Kaunas
15%
Managua
15%
Maseru
15%
Tachkent
15%
Conakry
14%
Georgetown
14%
Lubumbashi
14%
Malabo
14%
Paramaribo
14%
Pinsk
14%
Chittagong
13%
Honiara
13%
Mombasa
13%
Yellowknife
13%
Achgabat
11%
Carthagène des Indes
11%
Douchanbé
11%
Durrës
11%
Homs
11%
Mostar
11%
Port-Gentil
10%
Bulawayo
9%
Quezon City
9%
Bujumbura
8%
Nouâdhibou
8%
Pointe-Noire
8%
Lae
4%
Paro
4%
Gitarama
3%
Aucun quiz correspondant
Distribution des résultats
% des personnes avec chaque résultat
Percentile par nombre de réponses
Votre historique - résultats
Vous n’avez pas pris ce quiz depuis la dernière actualisation